000 00205 a2200097 4500
001 48769
100 _aRumpf
245 _aParticle technology
260 _aLondon
_bChapman Hall
_c
090 _c31670
_d31670
942 _aNUST-CAE
_cM
_c24081
999 _c283842
_d283842